000 00325nam a2200145Ia 4500
100 _aFlynn/Jim/ Clarke/ Bill
942 _cBK
654 _aComputer
245 _aVisual J++ Java Programming
260 _bNew Riders
_aNew Delhi
_c1996
082 _a005.13(J)FLY
_bCL
300 _a666
546 _aENGLISH
999 _c25304
_d25304